000 00831cab a2200241 4500
001 ABS39920
008 090401t1988 xxu||||| |||| 00| 0 eng d
035 _a(Sirsi) u20068
041 _aeng
100 _aCooper, K.
245 _aRing of confidence - M25 South
260 _c1988
350 _a0
490 _aShop Property
_vOctober 1988, 17-19(3)
520 _aReports on the current retail development boom around the southern section of the M25 . Highlights refurbishment work to existing schemes and proposed developments in Croydon , Redhill , Reigate , Woking , Chertsey , Guildford , Epsom , Dartford , Sevenoaks and Orpington .
650 _aGREEN BELT
650 _aKENT
650 _aSHOPPING CENTRES
650 _aSURREY
690 _aPROPERTY-COMMERCIAL PROPERTY
942 _n0
948 _c04/03/1997
999 _c13445
_d13445